000 01794nam a2200325 c 4500
999 _c5091
_d5091
003 BLK
005 20180420213921.0
008 180412b bul|||||r ||||||| ||bul||
010 _aKNG00006272000
020 _a954-8023-43-1
040 _aBLK
041 _aBUL
_cBUL
080 _aСоциография. Социално положение. Условия на политическия и социалния живот. Социално и социално-икономическо положение на отделните страни, народи, раси. Социална география. (Общи въпроси)
_b308
_x(910)(082)
_z308(910)(082)
080 _aБългарска литература
_b821.163.2
_x-4
_z821.163.2-4
139 _aИндонезия през погледа на българина
_bИ 64
245 1 0 _aИндонезия през погледа на българина
_bПодб. очерци, статии и пътеписи от бълг. печат
_cсъстав. Росица Алексиева-Суначеп.
257 _aBGR
260 _bСлънце
_c1994
_fВ. Търново : Абагар
300 _a200 с., 8 л.
_bцв. ил.
_c22 см
380 _a3
500 _aВ библиогр. каре състав. означена Росица Алексиева-Суначеп. - 5 000 тир.
650 4 _aИндонезия - социално-икономическо положение
_9249606
651 4 _aИндонезия
_9178952
700 1 _aАлексиева-Суначеп, Росица
_eсъстав.
_9249598
852 _aЦб 181516
856 4 _qpdf
_u
856 4 _qpdf
_u
942 _cKNG
_n0
944 _aCR
_c15.01.2003
_kКети_Илиева
944 _aED
_c14.06.2016
_kНора_Радева
999 _d5091